000 00946nam a2200217 a 4500
005 20140414093840.0
008 071002s19uu xx 00 eng d
050 _aDVD 820
_bSHA 1999
100 _aShakespeare, William
245 _aA midsummer night's dream /
_cWilliam Shakespeare.
260 _aSl :
_b20th. Century Fox,
_cc1999.
300 _a1 video disk (120 min.)
500 _aCast: Everett, Rupert, Flockhark, Calista, Kline, Kevin, Pffeifer, michelle and tucci, Stanley
520 _aSummary: Two pairs of star crossed lovers, atroop of inept amateur actors, a feuding pair of superntural sprites and a love potion gone awry all come together in an enchanted moolit forest, the result is an unequalled mixture of merriment and magic.
650 _aFilm adaptation.
650 _aShakespear, William, 1564-1616
_xAdaptations.
650 _aInternational Baccalaureate.
650 _aFilm.
942 _cAVM
999 _c109266
_d109266